MARC details
| 000 -LEADER |
| fixed length control field |
01099cam a2200289 4500 |
| 001 - CONTROL NUMBER |
| control field |
WS114248 |
| 008 - FIXED-LENGTH DATA ELEMENTS--GENERAL INFORMATION |
| fixed length control field |
010822n 000 0 eng u |
| 035 ## - SYSTEM CONTROL NUMBER |
| System control number |
(Sirsi) u114248 |
| 245 ## - TITLE STATEMENT |
| Title |
Earth Summit 2002 |
| 520 ## - SUMMARY, ETC. |
| Summary, etc. |
Web site for the international convention on sustainable development to be held in 2002. Includes a monthly newsletter, details of key events, organisations and documents, links to each countries National Strategy for Sustainable Development, briefing papers on related topics and links to related conventions. |
| 650 ## - SUBJECT ADDED ENTRY--TOPICAL TERM |
| Topical term or geographic name entry element |
SUSTAINABLE DEVELOPMENT |
| 650 ## - SUBJECT ADDED ENTRY--TOPICAL TERM |
| Topical term or geographic name entry element |
INTERNATIONAL |
| 650 ## - SUBJECT ADDED ENTRY--TOPICAL TERM |
| Topical term or geographic name entry element |
EARTH SUMMIT |
| 650 ## - SUBJECT ADDED ENTRY--TOPICAL TERM |
| Topical term or geographic name entry element |
UNITED NATIONS |
| 650 ## - SUBJECT ADDED ENTRY--TOPICAL TERM |
| Topical term or geographic name entry element |
NATIONAL STRATEGIES FOR SUSTAINABLE DEVELOPMENT |
| 650 ## - SUBJECT ADDED ENTRY--TOPICAL TERM |
| Topical term or geographic name entry element |
FOREIGN INVESTMENT |
| 650 ## - SUBJECT ADDED ENTRY--TOPICAL TERM |
| Topical term or geographic name entry element |
CLIMATE CHANGE |
| 650 ## - SUBJECT ADDED ENTRY--TOPICAL TERM |
| Topical term or geographic name entry element |
AIDS |
| 650 ## - SUBJECT ADDED ENTRY--TOPICAL TERM |
| Topical term or geographic name entry element |
CONVENTIONS |
| 650 ## - SUBJECT ADDED ENTRY--TOPICAL TERM |
| Topical term or geographic name entry element |
POLLUTION |
| 650 ## - SUBJECT ADDED ENTRY--TOPICAL TERM |
| Topical term or geographic name entry element |
FORESTS |
| 650 ## - SUBJECT ADDED ENTRY--TOPICAL TERM |
| Topical term or geographic name entry element |
ENERGY |
| 9 (RLIN) |
6237 |
| 650 ## - SUBJECT ADDED ENTRY--TOPICAL TERM |
| Topical term or geographic name entry element |
AGRICULTURE |
| 690 ## - LOCAL SUBJECT ADDED ENTRY--TOPICAL TERM (OCLC, RLIN) |
| Topical term or geographic name as entry element |
Environment |
| 9 (RLIN) |
6238 |
| 856 40 - ELECTRONIC LOCATION AND ACCESS |
| Uniform Resource Identifier |
<a href="https://www.earthsummit2002.org">https://www.earthsummit2002.org</a> |
| Public note |
View the website free of charge at www.earthsummit2002.org... |
| 942 ## - ADDED ENTRY ELEMENTS (KOHA) |
| Suppress in OPAC |
0 |